000 00257nam a22001097a 4500
008 170118b xxu||||| |||| 00| 0 eng d
020 _a9780323031462
041 _aeng
080 _23RD
_a618.2
245 _aGERONTOLOGIC NURSING
_cMEINER, S.R
942 _2udc
_cBK
999 _c3046
_d3046